1165 1070 1974 1641 1969 1730 1648 1490 1978 1955 1613 1674 1644 1374 1509 1523 1302 1329 1770 1834 1500 1128 1393 1808 1807 1365 1417 1821 1991 1125 1460 1174 1241 1038 1473 1750 1435 1119 1496 1198 1689 1722 1603 1166 1737 1092 1941 1960 1770 1192 1870 1215 1820 1132 1261 1618 1895 1056 1883 1090 1515 1817 1449 1636 1775 1461 1771 1950 1009 1907 1413 1222 1866 1805 1501 1368 1077 1471 1963 1745 1937 1382 1881 1298 1415 1162 1730 1135 1662 1344 1835 1179 1898 1437 1758 1597 1387 1401 1312 BCNSPRNW ULIB Ver.6.0+V

เปลี่ยนเป็นภาษาไทย

Change to English
 แสดงรายละเอียดบรรณานุกรม
  กลับหน้าหลัก

Brief Record : Get Marc (ISO 2709) : E-mail record : QR code < ปิดหน้าต่าง
LEADER : 00000nam 2200000uu 4500
001    13399113518
003     ULIB
008    110824s2552||||th 000 0 tha d
020    9786165200158
090    นว.^bน716ม 2552
100 0  นีรนารา
245 00 มนต์พฤกษามายาแห่งรัก/^cนีรนารา
250    พิมพ์ครั้งที่ 1
260    กรุงเทพฯ :^b1168พับลิชชิ่ง,^c2552
300    351 หน้า
710 1  1168พับลิชชิ่ง
945    ^p215^l0^i026747
995    ทศพร
999     ^aใช้งานได้ทุกระบบ
รายการนี้ยังไม่มีแท็ก
คุณยังไม่ได้ล็อกอิน คุณสามารถมีกิจกรรมร่วมกับเว็บไซต์ได้ แต่ต้องล็อกอินก่อน ::
  ล็อกอิน

รายการสื่อสารสนเทศ

ลำดับที่ ประเภท เลขเรียก/บาร์โค้ด สถานที่ สถานะ
1. นวนิยาย
นวนิยาย
นว. น716ม 2552 ฉ.1 
  Barcode: 026747
ห้องสมุดวิทยาเขตสวรรค์ประชารักษ์
►นวนิยาย
บนชั้น
  ขอยืม

BibComment


ยังไม่เคยถูกคอมเมนท์

คอมเมนท์ทรัพยากรรายการนี้
  คอมเมนท์: มนต์พฤกษามายาแห่ง..


 Copyright 2026. Bcnsprnw @Library